Normal view
MARC view
- Tang, Bo
Entry Personal Name
001 - CONTROL NUMBER
- control field: 123247
003 - CONTROL NUMBER IDENTIFIER
- control field: NUST
005 - DATE AND TIME OF LATEST TRANSACTION
- control field: 20240605104803.0
008 - FIXED-LENGTH DATA ELEMENTS
- fixed length control field: 240605|| aca||aabn | a|a d
040 ## - CATALOGING SOURCE
- Original cataloging agency: NUST
- Transcribing agency: NUST
100 ## - HEADING--PERSONAL NAME
- Personal name: Tang, Bo
- Fuller form of name: (Bo Ming),
- Dates associated with a name: 1983-
670 ## - SOURCE DATA FOUND
- Source citation: Work cat.: (NUST)0: Mitchell, Maurice, author. 123246, Loose fit city :
